000 00580nam a2200205Ia 4500
008 131103s9999 xx 000 0 und d
020 _a8170703875
_cRs.59.90
040 _aLoreto College
041 _aEnglish
082 _a425/AGN
_bLCBED/13163
100 _aAgnihotri, R K
245 _aEnglish grammar in context
_cR K Agnihotri and A L Khanna
260 _aDelhi
_bRatna Sagar
_c1996
300 _a200p.
_b ills.
_c 23cm.
440 _aAn Innovative Approach to Grammar
650 _aEnglish Grammar
700 _aKhanna, A L
850 _aLCBED/425/AGN
942 _cBK
999 _c28321
_d78800